Click the Country by Movie - Statistics

General Stats
  • This quiz has been taken 508 times
  • The average score is 13 of 35
Answer Stats
Hint Answer % Correct
Amélie France
83%
La Haine France
76%
Parasite South Korea
74%
Cinema Paradiso Italy
72%
Umberto D. Italy
68%
Battleship Potemkin USSR
67%
L'Avventura Italy
57%
Suspiria Italy
56%
Bicycle Thieves Italy
45%
Breathless France
42%
Oldboy South Korea
41%
Italy
40%
Tampopo Japan
39%
Battle Royale Japan
37%
The 400 Blows France
33%
Come and See USSR
32%
Pickpocket France
29%
House Japan
29%
Memories of Murder South Korea
28%
Playtime France
27%
Audition Japan
27%
High and Low Japan
26%
The Housemaid South Korea
25%
Strike USSR
25%
Man with a Movie Camera USSR
25%
Eyes Without a Face France
24%
Only Yesterday Japan
24%
Shoplifters Japan
22%
The Wailing South Korea
22%
Mirror USSR
21%
I Saw the Devil South Korea
20%
The Color of Pomegranates USSR
20%
Save the Green Planet! South Korea
18%
The Cranes are Flying USSR
18%
Red Desert Italy
14%
No matching quizzes found
Score Distribution
Percent of People with Each Score
Percentile by Number Answered
Your Score History
You have not taken this quiz